Normal view
MARC view
Entry Personal Name
001 - CONTROL NUMBER
- control field: 44045
003 - CONTROL NUMBER IDENTIFIER
- control field: ARRUPE
005 - DATE AND TIME OF LATEST TRANSACTION
- control field: 20190121124412.0
008 - FIXED-LENGTH DATA ELEMENTS
- fixed length control field: 190121|| aca||aabn | a|a d
040 ## - CATALOGING SOURCE
- Original cataloging agency: ARRUPE
- Transcribing agency: ARRUPE
100 ## - HEADING--PERSONAL NAME
- Personal name: Briggs, Lloyd Cabot,
- Dates associated with a name: 1909-
670 ## - SOURCE DATA FOUND
- Source citation: Work cat.: (ARRUPE)0: Briggs, Lloyd Cabot, 1909-, The stone age races of northwest Africa., 1955.